Simulácia podnikových procesov v manažmente : monografia /

Hlavní autor: Turčok, Lukáš
Korporativní autor: Technická univerzita v Liberci. Katedra podnikové ekonomiky a managementu
Jazyk: Slovenština
Vydáno: Liberec : Technická univerzita v Liberci, 2015
Vydání: 1. vyd.
Témata:
Fyzický popis: 90 s. : il. (převážně barev.) ; 21 cm
Language note: Anglické a slovenské resumé
Knihy
Uloženo v:
LEADER 01728nam a2200469 a 4500
001 nkc20152684969
003 CZ PrNK
005 20150422085611.0
007 ta
008 150319s2015 xr a f 001 0 slo
015 |a cnb002684969 
020 |a 978-80-7494-186-3  |q (brož.) 
035 |a (OCoLC)908822037 
040 |a BOA001  |b cze 
041 0 |a slo  |b eng  |b slo 
072 7 |a 005  |x Management. Řízení  |2 Konspekt  |9 4 
080 |a 005.5  |2 MRF 
080 |a 519.86/.87  |2 MRF 
080 |a 004.94  |2 MRF 
080 |a (048.8)  |2 MRF 
100 1 |a Turčok, Lukáš  |7 mzk2015865038  |4 aut 
245 1 0 |a Simulácia podnikových procesov v manažmente :  |b monografia /  |c [Lukáš Turčok] 
250 |a 1. vyd. 
260 |a Liberec :  |b Technická univerzita v Liberci,  |c 2015 
300 |a 90 s. :  |b il. (převážně barev.) ;  |c 21 cm 
500 |a Na obálce pod názvem: Technická univerzita v Liberci, Ekonomická fakulta, katedra podnikové ekonomiky a managementu 
500 |a 42 výt. 
504 |a Obsahuje bibliografii a rejstřík 
521 8 |a Určeno pro odbornou veřejnost 
546 |a Anglické a slovenské resumé 
650 0 7 |a procesní management  |7 ph166531  |2 czenas 
650 0 7 |a modelování a simulace  |7 ph125543  |2 czenas 
650 0 9 |a process management  |2 eczenas 
650 0 9 |a modeling and simulation  |2 eczenas 
655 7 |a monografie  |7 fd132842  |2 czenas 
655 9 |a monographs  |2 eczenas 
710 2 |a Technická univerzita v Liberci.  |b Katedra podnikové ekonomiky a managementu  |7 mzk2014813379 
910 2 |a BOA001  |b 2-1345.026 
990 |a BK 
995 |a 01 
991 |b 201504  |c NOV  |e n 
996 6 |b 2610627469  |c 2-1345.026  |l MZK  |r Sklad / do 1 hodiny  |n 2  |p p.v.  |w 001497829  |u 000010  |a 1  |e BOA001  |j MZK50  |s P